000 00606nam a2200217Ia 4500
003 OSt
005 20220926043815.0
006 a|||||r|||| 00| 0
007 ta
008 220923b |||||||| |||| 00| 0 eng d
037 _cGeneral Book
040 _aRTL
_cRTL
_beng
041 _2eng
_aeng
082 _aY:52:73:N5, K1
100 _aWestoff Charles F, and others
_9348249
245 0 _aFamily growth in metropolitan America
260 _c1961
650 _aFamily Planning
_9231810
942 _hY:52:73:N5, K1
_cGB
_2CC
999 _c673241
_d673241